Hóa học bảo vệ thực vật

Đã lưu trong:
Chi tiết về thư mục
Tác giả chính: Hoàng Xuân Tiến
Định dạng: Sách
Ngôn ngữ:Vietnamese
Được phát hành: Khoa học kỹ thuật 2013
Những chủ đề:
Các nhãn: Thêm thẻ
Không có thẻ, Là người đầu tiên thẻ bản ghi này!
Thư viện lưu trữ: Mạng thư viện Đại học Đà Nẵng
LEADER 00993nam a2200313 a 4500
001 000003308
003 03306
005 20171229145311.0
008 171229s2013 vie
040 |a LSK 
041 0 |a VIE 
082 0 |a 668.6  |b HO-T 
100 1 |a Hoàng Xuân Tiến 
245 0 0 |a Hóa học bảo vệ thực vật 
260 |b Khoa học kỹ thuật  |c 2013 
300 |a 318 pages  |c 24 cm. 
653 |a Hóa học - Bảo vệ thực vật 
852 |a Phòng Đọc - Phòng Mượn 
901 |a 5 
927 |a Sách tham khảo 
OWN |a LSK 
AVA |a UDN50  |b LSK  |d 668.6 HO-T  |e available  |t Error 5001 Not defined in file expand_doc_bib_avail.  |f 5  |g 0  |h N  |i 0  |k 1 
999 |a From the UDN01 
AVA |a UDN50  |b LSK  |d 668.6 HO-T  |e available  |t Error 5001 Not defined in file expand_doc_bib_avail.  |f 5  |g 0  |h N  |i 0  |k 1 
TYP |a Monograph 
TYP |a Printed language 
980 |a Mạng thư viện Đại học Đà Nẵng